000 00402pab a2200157 454500
008 180718b2010 xxu||||| |||| 00| 0 eng d
100 _aJha, Praveen
245 _aLabour regulation and economic performance: What do we know?
260 _c2010
300 _ap.89-111.
362 _aJan-Mar
650 _aLabour law
773 _aIndian Journal of Labour Economics
908 _aN
909 _a89245
999 _c89245
_d89245